000 00546nam a2200169 a 4500
001 BRCA_1264
005 20190320203343.0
008 101105s2002----sp-a---###---#000-0#spa-d
020 _a8437619602
050 4 _aN6415.B3
_b.R63 2002
100 1 _aRodríguez de la Flor, Fernando
_94165
245 1 0 _aBarroco
_bpresentación e ideología en el mundo hispánico (1580-1680)
_cFernando R. de la Flor.
260 _aEspaña
_bCátedra
_c2002
300 _a402 p.
_bil.
_c21 cm.
650 1 4 _aArte barroco
_y1580-1680
_zMundo hispano
_94166
942 _2lcc
_cB
999 _c1133
_d1133